Rural devlopment adminstration (Record no. 3563)

MARC details
000 -LEADER
fixed length control field 00392nam a22001577a 4500
003 - CONTROL NUMBER IDENTIFIER
control field OSt
005 - DATE AND TIME OF LATEST TRANSACTION
control field 20210914092928.0
008 - FIXED-LENGTH DATA ELEMENTS--GENERAL INFORMATION
fixed length control field 210914b |||||||| |||| 00| 0 eng d
020 ## - INTERNATIONAL STANDARD BOOK NUMBER
International Standard Book Number 0706911318
040 ## - CATALOGING SOURCE
Original cataloging agency HU
Transcribing agency DDC
082 ## - DEWEY DECIMAL CLASSIFICATION NUMBER
Classification number 309.263/OYU
245 ## - TITLE STATEMENT
Title Rural devlopment adminstration
260 ## - PUBLICATION, DISTRIBUTION, ETC.
Place of publication, distribution, etc. New Delhi
Name of publisher, distributor, etc. Vikas publishing house
Date of publication, distribution, etc. 1981
300 ## - PHYSICAL DESCRIPTION
Extent x,227p,19cm
942 ## - ADDED ENTRY ELEMENTS (KOHA)
Source of classification or shelving scheme Dewey Decimal Classification
Koha item type Books like text book referance book
Suppress in OPAC No
Holdings
Withdrawn status Lost status Source of classification or shelving scheme Damaged status Not for loan Home library Current library Shelving location Date acquired Total Checkouts Full call number Barcode Date last seen Copy number Price effective from Koha item type
    Dewey Decimal Classification     Law & Governance lLbrary Law & Governance lLbrary General Stacks 09/14/2021   309.263/OYU LGCLIB0000322 09/14/2021 C1 09/14/2021 Books like text book referance book
    Dewey Decimal Classification     Social Library Social Library General Stacks 10/20/2021   309.263/oyu SHLIB 00002654 10/20/2021 c1 10/20/2021 Books like text book referance book
    Dewey Decimal Classification     Social Library Social Library General Stacks 10/20/2021   309.263/oyu SHLIB 00002656 10/20/2021 c2 10/20/2021 Books like text book referance book